| 000 | 00392nam a2200169Ia 4500 | ||
|---|---|---|---|
| 008 | 170705s9999 xx 000 0 und d | ||
| 020 | _a9780545405713 | ||
| 245 | _aLincoln's grave robbers / | ||
| 245 | _cSteve Sheinkin. | ||
| 260 | _aNew York : | ||
| 260 | _bScholastic, | ||
| 260 | _c2012 | ||
| 300 | _a214 pages : | ||
| 300 | _billustrations ; | ||
| 300 | _c19cm. | ||
| 500 | _a930 | ||
| 999 |
_c336954 _d336954 |
||